Translation classics in context (Record no. 1678688)
[ view plain ]
| 000 -LEADER | |
|---|---|
| fixed length control field | 00851 a2200265 4500 |
| 005 - DATE AND TIME OF LATEST TRANSACTION | |
| control field | 20260413161640.0 |
| 008 - FIXED-LENGTH DATA ELEMENTS--GENERAL INFORMATION | |
| fixed length control field | 260413b |||||||| |||| 00| 0 eng d |
| 020 ## - INTERNATIONAL STANDARD BOOK NUMBER | |
| International Standard Book Number | 978-1-03-267444-5 |
| 037 ## - SOURCE OF ACQUISITION | |
| Terms of availability | TB |
| 040 ## - CATALOGING SOURCE | |
| Original cataloging agency | CRL |
| Transcribing agency | CRL |
| 041 ## - LANGUAGE CODE | |
| Source of code | eng |
| Language code of text/sound track or separate title | eng |
| 084 ## - COLON CLASSIFICATION NUMBER | |
| Classification number | O111:g(P:795) R5 |
| Assigning agency | CRL |
| 245 ## - TITLE STATEMENT | |
| Title | Translation classics in context |
| 260 ## - PUBLICATION, DISTRIBUTION, ETC. | |
| Place of publication, distribution, etc. | London, UK: |
| Name of publisher, distributor, etc. | Routledge, |
| Date of publication, distribution, etc. | 2025. |
| 300 ## - PHYSICAL DESCRIPTION | |
| Extent | 236p. |
| 365 ## - TRADE PRICE | |
| Price amount | 38.99 |
| Currency code | INR |
| 650 ## - SUBJECT ADDED ENTRY--TOPICAL TERM | |
| Topical term or geographic name entry element | Tranaslation and interpretation |
| 9 (RLIN) | 1234766 |
| 650 ## - SUBJECT ADDED ENTRY--TOPICAL TERM | |
| Topical term or geographic name entry element | English Literature |
| 650 ## - SUBJECT ADDED ENTRY--TOPICAL TERM | |
| Topical term or geographic name entry element | Linguistics |
| 700 ## - ADDED ENTRY--PERSONAL NAME | |
| Personal name | Bandia, Paul F. |
| Relator term | Editor, |
| 9 (RLIN) | 1234767 |
| 700 ## - ADDED ENTRY--PERSONAL NAME | |
| Personal name | Hadley, James |
| Relator term | Editor, |
| 9 (RLIN) | 1234768 |
| 700 ## - ADDED ENTRY--PERSONAL NAME | |
| Personal name | Mcelduff, Siobhan |
| Relator term | Editor, |
| 9 (RLIN) | 1234769 |
| 942 ## - ADDED ENTRY ELEMENTS (KOHA) | |
| Koha item type | Textbook |
| Source of classification or shelving scheme | Colon Classification (CC) |
| Classification part | O111:g(P:795) R5 |
| Withdrawn status | Lost status | Source of classification or shelving scheme | Damaged status | Not for loan | Home library | Current library | Date acquired | Source of acquisition | Cost, normal purchase price | Inventory number | Total Checkouts | Full call number | Barcode | Date last seen | Cost, replacement price | Price effective from | Koha item type |
|---|---|---|---|---|---|---|---|---|---|---|---|---|---|---|---|---|---|
| Colon Classification (CC) | Central Library | Central Library | 2026-04-13 | Segment Book Distributors | 3862.50 | 71478 & 12/02/2026 | O111:g(P:795) R5 | CL1925981 | 2026-02-12 | 4828.13 | 2026-02-12 | Textbook |
